Countries Closest to Serbia - Statistics

General Stats
  • This quiz has been taken 2,275 times
    2,246 since last reset
  • The average score is 19 of 20
Answer Stats
km country miles % Correct
0 Croatia 0
98%
0 Bosnia and Herzegovina 0
97%
114 Greece 71
97%
0 Montenegro 0
97%
0 Romania 0
97%
187 Slovenia 116
97%
38 Albania 38
96%
0 Bulgaria 0
96%
0 Hungary 0
96%
0 Kosovo 0
96%
0 North Macedonia 0
96%
311 Italy 193
95%
189 Slovakia 117
95%
218 Austria 136
94%
284 Ukraine 177
92%
333 Czechia 207
90%
334 Poland 208
90%
313 Türkiye 195
90%
435 Moldova 270
89%
485 Germany 301
88%
No matching quizzes found
Score Distribution
Percent of People with Each Score
Percentile by Number Answered
Your Score History
You have not taken this quiz since the last reset